[Event "British KO-ch 2017"]
[Site "London"]
[Date "2017.12.05"]
[Round "3.2"]
[White "McShane, Luke J"]
[Black "Howell, David W L"]
[Result "0-1"]
[WhiteElo "2640"]
[BlackElo "2676"]
[Annotator "TA"]
[PlyCount "112"]
[EventDate "2017.??.??"]
[EventCountry "ENG"]
[SourceTitle "playchess.com"]
[Source "ChessBase"]
[SourceQuality "1"]

{[%evp 11,112,19,29,13,15,16,15,0,18,-1,0,0,9,9,14,10,6,6,18,16,11,7,14,13,15,14,18,12,25,23,37,35,36,36,44,41,41,34,35,35,52,53,52,50,60,63,58,31,31,31,31,31,31,31,31,32,34,34,34,41,46,39,89,89,121,122,176,169,125,89,89,89,89,32,50,5,10,3,39,8,7,0,27,35,27,5,8,0,37,11,87,0,0,0,0,0,0,-8,-8,-8,-8,-29981,-29982]} 1. e4 e5 2. Nf3 Nc6 3. Bb5 Nf6 {[%cal Bg8f6,Bf6d7,Bd7f8,Bf8e6,Be6c5][%mdl 32]} 4. d3 Bc5 5. Bxc6 dxc6 6. Qe2 {C65: Ruy Lopez: Berlin Defence (3...Nf6), unusual lines and 4 0-0 Bc5} (6. Nbd2 Be6 7. Qe2 Nd7 8. Nb3 Bb6 9. Ng5 Nf8 10. O-O Bxb3 11. axb3 f6 12. Nf3 Ne6 13. Kh1 Qd7 {0-1 (45) Caruana,F (2802)-Nakamura,H (2786) chess.com INT 2017}) 6... Bg4 {LiveBook: 12 Games} 7. Bg5 Qd6 $146 ({Predecessor:} 7... O-O 8. Bd2 Qd6 9. O-O a5 10. Nc3 Rad8 11. Na4 Bd4 12. Be3 b5 13. c3 Bxe3 14. Qxe3 bxa4 {0-1 (26) Hulst,B-Uzcategui Breisse,F ICCF email 2001}) 8. Nbd2 {The position is equal.} Nd7 9. h3 Bxf3 10. Nxf3 Nf8 11. O-O-O Ne6 12. Be3 O-O-O 13. Bxc5 Qxc5 14. Qe3 f6 (14... Qxe3+ {is interesting.} 15. fxe3 f6 16. g4 c5 17. h4 h6) 15. Qxc5 Nxc5 16. Nh4 Ne6 17. Nf5 g6 18. Ne3 Kd7 19. b3 Ke7 20. Kb2 a5 21. a4 b6 22. h4 Rhf8 23. Rde1 Kf7 24. g3 Rde8 25. Rhf1 Kg7 26. Kc3 Rf7 27. f3 Rff8 28. Rf2 Rf7 29. h5 g5 30. Nf5+ Kf8 31. Ref1 Rd7 32. Ne3 Rg7 33. Ng2 Kf7 34. f4 $36 {[%mdl 2048] Black is under pressure.} gxf4 35. gxf4 Reg8 36. Ne3 {Hoping for fxe5.} Nxf4 37. Nf5 Rg5 38. Nh6+ Kg7 (38... Ke8 $16) 39. Nxg8 $18 Kxg8 {[%mdl 4096] Endgame KRR-KRN} 40. Rh1 c5 41. Kc4 c6 42. c3 (42. Rfh2 $16) 42... Kf7 43. d4 cxd4 44. cxd4 Ke6 45. dxe5 Kxe5 46. Rd1 Kxe4 {[%csl Gb6][%cal Rg5c5]} (46... Rxh5 {is more complex.} 47. b4 axb4 48. Rd8 Ne6 49. Re8 Rg5) 47. Re1+ ({Don't go for} 47. Rd4+ $2 Ke3 $19) 47... Kf5 48. h6 Rh5 49. Kd4 Rh4 50. Rff1 Rxh6 {[#]} (50... Rh3 $11) 51. Rh1 (51. Re3 $1 $16 {[%cal Re3f3] Threatens to win with Ref3.} Rh4 52. Rc3) 51... Rxh1 $11 52. Rxh1 h5 53. Ke3 Ke5 54. Kf3 Nd3 55. Rxh5+ Kd4 56. Ke2 $2 {[%mdl 8192] [#]} (56. Rh8 $11) 56... Nf4+ {Precision: White = 54%, Black = 54%.} 0-1

[Event "British KO-ch 2017"]
[Site "London"]
[Date "2017.12.07"]
[Round "3.3"]
[White "Howell, David W L"]
[Black "McShane, Luke J"]
[Result "0-1"]
[WhiteElo "2676"]
[BlackElo "2640"]
[Annotator "TA"]
[PlyCount "76"]
[EventDate "2017.??.??"]
[EventCountry "ENG"]
[SourceTitle "playchess.com"]
[Source "ChessBase"]
[SourceQuality "1"]

{[%evp 23,76,30,26,25,24,11,8,14,16,8,19,8,13,21,21,8,12,0,34,15,47,0,0,0,0,0,119,-183,-183,-197,-194,-177,-177,-191,-189,-256,-270,-253,-485,-433,-412,-278,-48,-163,-157,-145,-125,-1186,-1147,-1944,-1802,-1423,-1105,-1097,-1076]} 1. Nf3 Nf6 2. c4 g6 3. g3 Bg7 4. Bg2 O-O 5. d4 d6 6. O-O Nbd7 7. Nc3 e5 8. e4 c6 9. h3 Qa5 10. Re1 exd4 11. Nxd4 Ne5 12. Bf1 Qb6 {LiveBook: 6 Partien. Und ...Dxd4! würde nun gewinnen. E69: Königsindisch (Hauptvariante des g3-Systems mit e2-e4 und h2-h3)} 13. Be3 c5 14. Nb3 Be6 {Die Stellung ist ausgeglichen.} 15. Nd5 Bxd5 16. exd5 Rae8 17. Kg2 Re7 18. Qc2 {Und weiter mit f4 wäre nett.} Rfe8 19. Bd2 $146 ({Vorgänger:} 19. Nd2 Nfd7 20. a4 {0-1 (36) Barsov,A (2444)-Amonatov,F (2602) Tashkent 2016}) 19... Qd8 20. a4 Qc8 21. Nc1 h5 22. Na2 {[#]} h4 $1 {[%mdl 512]} 23. gxh4 Nh5 24. Nc3 Bf6 (24... Qd7 $11) 25. f4 $2 {[%mdl 8192] [#]} (25. Ne4 $1 $16 {[%cal Re4d6] ist nötig, um Vorteil zu sichern.} Qd8 26. Nxf6+ Nxf6 27. Bg5) 25... Ng4 $1 $19 {[%mdl 512]} 26. Ne4 (26. hxg4 Qxg4+) 26... Bxh4 27. Nxd6 Qd7 $1 28. Rxe7 Rxe7 $40 {[%mdl 128] Schwarz greift entschieden an.} 29. Ne4 {[#]} (29. hxg4 {führt zum Matt.} Qxg4+ 30. Kh2 Re2+ $1 {[%mdl 512]} 31. Bxe2 Qxe2+ 32. Kh1 Qf3+ 33. Kh2 Qf2+ 34. Kh3 Qg3#) (29. Nf5 $142 gxf5 30. hxg4 fxg4 31. Ra3) 29... Qf5 $1 30. Bd3 {Droht Tf1.} Nxf4+ 31. Bxf4 Qxf4 32. hxg4 {[#] Schwarz muss nun De2 beachten.} Qxg4+ $2 (32... f5 $1 $19 {[%cal Rf5e4]} 33. Nf2 (33. Nxc5 $2 Qxg4+ 34. Kf1 Re3 $19) 33... Bxf2 34. Qxf2 Qxg4+ 35. Qg3 Qxg3+ 36. Kxg3 Re3+ 37. Kf4 Rxd3) 33. Kf1 (33. Kh2 $15) 33... Qf3+ 34. Kg1 f5 35. Qh2 $2 {[%mdl 8192]} (35. Qe2 $17 Qxe2 36. Bxe2 Rxe4 37. Bd3 Rg4+ 38. Kf1) 35... Qxd3 {Schwarz steht klar auf Gewinn.} 36. Nxc5 Qd4+ 37. Kh1 Qxc5 38. Rg1 Qxg1+ {Precision: Weiß = 30%, Schwarz = 70%.} 0-1

[Event "British KO-ch 2017"]
[Site "London"]
[Date "2017.12.08"]
[Round "3.4"]
[White "McShane, Luke J"]
[Black "Howell, David W L"]
[Result "0-1"]
[WhiteElo "2640"]
[BlackElo "2676"]
[Annotator "TA"]
[PlyCount "130"]
[EventDate "2017.??.??"]
[EventCountry "ENG"]
[SourceTitle "playchess.com"]
[Source "ChessBase"]
[SourceQuality "1"]

{[%evp 17,130,17,16,16,22,14,22,6,9,0,0,-7,14,0,20,14,27,29,21,10,0,0,80,87,75,83,77,70,102,94,114,115,115,98,122,117,131,120,122,142,193,129,117,0,148,0,144,132,120,128,159,166,162,176,231,170,171,147,232,231,237,229,289,295,407,397,356,314,414,389,408,392,414,409,352,262,251,250,232,253,244,227,265,252,280,292,286,267,281,266,214,191,185,187,165,12,12,0,12,0,0,0,0,0,0,0,0,-29981,-29982,-29982,-29983,-29983,-29984,-29995,-29996]} 1. e4 e5 2. Nf3 Nc6 3. Bb5 a6 4. Ba4 Nf6 5. d3 d6 6. c3 g6 7. O-O Bg7 8. Re1 O-O 9. Nbd2 b5 10. Bc2 {C77: Spanische Partie (Anderssen-Variante)} Bb7 (10... Re8 11. a4 b4 12. a5 Rb8 13. Ba4 Bd7 14. Nf1 Qc8 15. Ne3 bxc3 16. bxc3 Nd8 17. c4 Bxa4 18. Qxa4 Ne6 19. Nd5 Nc5 20. Qc2 c6 21. Nxf6+ Bxf6 {½-½ (21) Perunovic,M (2607)-Jojua,D (2590) Ruma 2017}) 11. Nf1 Nb8 12. d4 {Die Stellung ist ausgeglichen.} Nbd7 13. Ng3 Re8 14. a4 c6 $146 ({Vorgänger:} 14... c5 15. dxe5 dxe5 16. Qe2 c4 17. Rd1 Qc7 {0-1 (37) Antal,T (2363)-Gledura,B (2500) Karpacz 2015}) 15. Be3 Qc7 16. h3 exd4 17. cxd4 c5 18. d5 Nb6 19. Qc1 b4 (19... Nfd7 $11 {bleibt in der Remisbreite.}) 20. Bh6 Bh8 21. a5 $1 {[%cal Ra5b6]} Nbd7 22. Ba4 Ne5 {Schwarz will ...Sd3 spielen.} 23. Bxe8 {Droht Sxe5 und aus.} Nxf3+ 24. gxf3 Rxe8 25. Qd2 Nd7 26. f4 Bd4 27. Kh2 Bc8 28. f3 Qd8 (28... Bf6 $16 {ist eine bessere Verteidigung.} 29. Rec1 Qb8) 29. Bg5 $18 Qc7 30. Bh6 Qd8 $1 {Die Idee ist ...Dh4.} 31. Bg5 Qc7 $1 32. Re2 Bg7 33. Rg2 h6 34. Bh4 Kh7 35. Nf5 Bh8 ({Nicht} 35... gxf5 $2 36. Rxg7+ $1 {[%mdl 512]} Kh8 37. Rxf7 $18) (35... Bf6 $142) 36. Ne3 Nf6 37. Ng4 Bxg4 (37... Ng8 $16 38. Ne3 Nf6) 38. hxg4 Nd7 39. Re2 Bd4 40. Kg2 f6 41. Bf2 Bxf2 42. Rxf2 Kg7 43. Kg3 Rh8 44. Rh2 g5 45. Rah1 {Droht stark fxg5.} Nf8 46. Rh5 Ng6 47. Qh2 $1 ({Bloß nicht} 47. fxg5 $6 fxg5 48. e5 Qe7 $16) 47... Nh4 48. Rxh4 gxh4+ 49. Qxh4 {[%mdl 4096] Endspiel KDT-KDT} c4 50. Qh5 c3 51. bxc3 Qxc3 52. Qf5 $1 {[%cal Rf5d7]} Qc7 {[#]} 53. Rb1 $1 Rb8 54. g5 fxg5 55. fxg5 Qe7 {[#]} 56. gxh6+ $2 (56. Kf2 $1 $18 h5 57. Qe6 Qxe6 58. dxe6) 56... Kh8 $11 57. Rc1 b3 {Und weiter mit ...b2 wäre nett.} 58. Rc8+ Rxc8 59. Qxc8+ {KD-KD} Kh7 {Und ...b2 würde nun gewinnen.} 60. Kf2 b2 61. Qb8 Qe5 62. Qb4 $2 {[%mdl 8192]} (62. Ke2 $11) 62... Qh2+ {Schwarz setzt Matt.} 63. Ke3 Qg1+ 64. Kf4 b1=Q 65. Qxd6 Qh2+ {Precision: Weiß = 64%, Schwarz = 58%.} 0-1

[Event "British KO-ch 2017"]
[Site "London"]
[Date "2017.12.09"]
[Round "3.5"]
[White "McShane, Luke J"]
[Black "Howell, David W L"]
[Result "1-0"]
[WhiteElo "2640"]
[BlackElo "2676"]
[Annotator "TA"]
[PlyCount "173"]
[EventDate "2017.??.??"]
[EventCountry "ENG"]
[SourceTitle "playchess.com"]
[Source "ChessBase"]
[SourceQuality "1"]

{[%evp 13,173,16,22,5,8,-3,-7,-16,-11,-15,-10,-20,-12,-23,-6,-8,-6,-14,-6,0,2,-2,0,-17,-26,-24,0,-24,-14,-16,-6,-23,-22,-31,-14,-21,0,-35,-14,-52,-10,-19,-27,-28,-30,-53,-31,-77,-55,-91,-54,-72,-37,-93,-33,-79,-52,-48,-49,-64,-64,-64,-62,-64,-64,-65,-60,-64,-52,-51,-47,-64,-64,-72,-64,-61,-49,-47,-24,-32,0,0,-5,-46,0,0,11,18,29,0,17,6,106,108,194,191,200,191,175,171,182,193,261,260,252,254,238,216,233,221,490,543,531,539,531,530,483,475,482,461,567,567,542,541,555,541,703,678,681,679,608,592,570,528,29959,29956,5708,4411,2910,2208,29969,29970,29966,5273,29978,29976,29975,11958,29978,29978,29978,29979,29980,29975,29977,29978,29978,29979,29980,29980,29985,29986]} 1. e4 e5 2. Nf3 Nc6 3. Bb5 a6 4. Ba4 Nf6 5. O-O Be7 6. Bxc6 dxc6 7. d3 Nd7 {[%cal Bf6d7,Bd7f8,Bf8e6,Be6d4][%mdl 32]} 8. Nc3 {C85: Closed Ruy Lopez: Deferred Exchange Variation} O-O 9. Kh1 Re8 10. b3 $146 {The position is equal.} ({Predecessor:} 10. Ng1 Nf8 11. Nge2 Ng6 12. f4 exf4 13. Nxf4 Bd6 14. Nxg6 hxg6 15. Qf3 Be6 {½-½ (88) McShane,L (2640)-Short,N (2678) London 2017}) 10... Nf8 11. Ne2 Bd6 12. Bg5 f6 13. Be3 c5 14. Nh4 Ne6 15. Nf5 Nd4 16. Nxd6 cxd6 17. Ng3 d5 18. f3 b6 19. Qd2 Bb7 20. Rae1 Qd7 21. Qf2 Rad8 22. Rg1 Qf7 23. h3 a5 24. Kh2 Kh8 25. Bc1 {[#]} a4 $1 {[%mdl 512]} 26. Bb2 (26. bxa4 Ra8) 26... Ra8 27. Bxd4 cxd4 28. Re2 dxe4 29. fxe4 Bc8 30. Qf3 Be6 31. Nh5 Qg6 32. g4 Qg5 33. Qf2 (33. Ng3 $15) 33... a3 (33... Bd7 $17) 34. Qe1 Rec8 35. Qb4 Rc6 36. Qe7 Qg6 37. Rf2 Qf7 38. Qb4 Qf8 39. Qe1 Qe8 40. Qd1 Qe7 41. Rgg2 Rac8 42. Qc1 b5 43. Qd1 b4 44. Qf3 Bd7 45. h4 Rf8 46. g5 f5 47. exf5 Rxf5 48. Qd5 Rc8 {...Bc6 is the strong threat.} 49. Ng3 Rff8 50. Rxf8+ Rxf8 51. Re2 Re8 52. Ne4 Qe6 (52... Bg4 $11 {keeps the balance.} 53. Rf2 Bh5) 53. Qxe6 $16 Bxe6 {[%mdl 4096] Endgame KRB-KRN} (53... Rxe6 $16 {is a better defense.} 54. Nc5 Re7) 54. Nd6 $1 $18 {[%cal Rd6e8]} Rd8 55. Nc4 Bxc4 56. bxc4 {KR-KR} Re8 {[#]} 57. Kg3 $1 Kg8 {[#]} (57... e4 $142) 58. Kf3 $1 Kf7 {intending ...Ke6.} 59. Ke4 Ke6 {( -> ...Rf8)} 60. Rf2 Rc8 61. Rf5 Rc5 $2 (61... Kd6 {was necessary.} 62. Rxe5 Rf8 63. c5+ (63. Kxd4 Rf2 $16) 63... Kc6 64. Kxd4 Rf4+ 65. Re4 Rf2) 62. Rf8 Rc7 63. Rb8 Kd6 {If only Black now had time for ...Rf7....} 64. Rxb4 Rf7 {[%csl Ge5][%cal Rf7f4]} 65. Rb6+ Kc5 66. Rb5+ Kc6 67. Kxe5 Rf2 68. Ra5 Rxc2 69. Rxa3 Rh2 70. Ra7 Rxh4 71. Rxg7 Kc5 72. Rc7+ Kb4 73. Rb7+ Kc3 74. Rb3+ Kd2 75. c5 Rh5 76. Kxd4 Rxg5 77. Rb2+ Kc1 78. Rh2 h5 79. a4 Rg4+ 80. Kd5 Rxa4 81. Rxh5 {White mates.} Kd2 82. d4 Ra8 83. Rh6 Kc3 84. c6 Ra5+ 85. Kd6 Kc4 86. Kd7 Ra6 87. Rd6 {Precision: White = 63%, Black = 35%.} 1-0

[Event "British KO-ch 2017"]
[Site "London"]
[Date "2017.12.09"]
[Round "3.6"]
[White "Howell, David W L"]
[Black "McShane, Luke J"]
[Result "1/2-1/2"]
[WhiteElo "2676"]
[BlackElo "2640"]
[Annotator "TA"]
[PlyCount "100"]
[EventDate "2017.??.??"]
[EventCountry "ENG"]
[SourceTitle "playchess.com"]
[Source "ChessBase"]
[SourceQuality "1"]

{[%evp 21,100,-11,0,0,0,0,0,0,22,12,31,37,27,-23,-22,-39,-27,-28,-29,-27,6,0,0,-16,-14,-13,-11,-17,-17,-17,-17,-16,-17,-15,0,0,0,0,0,0,0,-7,0,-3,0,-51,-63,-56,-60,-74,-61,-70,-62,-70,-8,-8,-3,-3,-3,-3,-3,-3,-3,-3,-3,-3,-3,-8,-3,-3,-3,-3,-3,-3,-3,-8,-8,-8,-8,-8,-8]} 1. e4 e5 2. Nf3 Nc6 3. Bb5 Nf6 4. O-O Bc5 5. d3 d6 6. c3 Bb6 7. Nbd2 O-O 8. h3 {C65: Spanische Partie (Berliner-Verteidigung)} Ne7 9. Re1 Ng6 10. Nf1 c6 11. Ba4 d5 {LiveBook: 4 Partien} 12. exd5 Nxd5 13. Ng3 {[#]} Re8 $146 ({Vorgänger:} 13... Be6 14. d4 exd4 15. Nxd4 {0-1 (45) Puranik,A (2509)-Jumabayev,R (2603) Bastia 2017}) 14. Bb3 h6 15. d4 exd4 16. Rxe8+ Qxe8 17. Nxd4 (17. Bxd5 $5 cxd5 18. Nxd4 $11) 17... Qe5 18. Qd3 Qe1+ 19. Qf1 Qxf1+ 20. Kxf1 Ngf4 (20... Bxd4 {seems wilder.} 21. cxd4 Be6 22. Bxd5 Bxd5 23. f3 f6) 21. Nge2 Nxe2 22. Kxe2 Bxd4 23. Bxd5 Bxc3 24. Bxf7+ Kxf7 25. bxc3 $11 {[%mdl 4096] Endspiel KTL-KTL} Be6 26. Be3 Bc4+ 27. Ke1 b6 28. a4 Re8 29. a5 c5 30. axb6 axb6 31. Ra7+ Kf6 32. Rd7 Re6 33. Kd2 (33. h4 $11) 33... Bf1 $15 34. g3 Bxh3 {[#] Droht stark ...Txe3!} 35. Rd8 Bg4 36. Kd3 Ke7 37. Rb8 Bf3 (37... g5 $15) 38. Kc4 $1 $11 {Die Stellung ist ausgeglichen.} g5 39. Kb5 Be2+ 40. c4 Kf6 41. Rxb6 Bxc4+ 42. Kxc5 Rxb6 43. Kxb6 {KL-KL} Be2 44. Kc6 Kf5 45. f4 Bf3+ 46. Kd6 gxf4 47. Bxf4 h5 48. Ke7 h4 49. gxh4 Kxf4 50. h5 Bxh5 {Precision: Weiß = 56%, Schwarz = 60%.} 1/2-1/2

[Event "British KO-ch 2017"]
[Site "London"]
[Date "2017.12.09"]
[Round "3.7"]
[White "McShane, Luke J"]
[Black "Howell, David W L"]
[Result "1-0"]
[WhiteElo "2640"]
[BlackElo "2676"]
[Annotator "TA"]
[PlyCount "73"]
[EventDate "2017.??.??"]
[EventCountry "ENG"]
[SourceTitle "playchess.com"]
[Source "ChessBase"]
[SourceQuality "1"]

{[%evp 13,72,18,16,6,14,-4,-3,-15,-1,-19,-18,-19,-17,-18,-14,-60,-13,-13,-19,-14,0,0,0,0,0,-1,0,-11,0,8,0,-12,60,-54,0,0,0,0,0,2,29,21,67,0,0,0,0,-86,-79,-148,-144,-165,-137,-120,29996,29997,29997,29998,29998,29999,29999]} 1. e4 e5 2. Nf3 Nc6 3. Bb5 a6 4. Ba4 Nf6 5. O-O Be7 6. Bxc6 dxc6 7. d3 Nd7 {[%cal Bf6d7,Bd7f8,Bf8e6,Be6d4][%mdl 32]} 8. Nc3 {C85: Closed Ruy Lopez: Deferred Exchange Variation} O-O 9. Kh1 Re8 10. Qe1 $146 {The position is equal.} ({Predecessor:} 10. Ng1 Nf8 11. Nge2 Ng6 12. f4 exf4 13. Nxf4 Bd6 14. Nxg6 hxg6 15. Qf3 Be6 {½-½ (88) McShane,L (2640)-Short,N (2678) London 2017}) 10... Bd6 11. Bg5 f6 12. Be3 Nf8 13. Nh4 Ne6 14. g3 c5 15. f4 Nd4 16. Qf2 exf4 17. gxf4 f5 $1 18. Rg1 Bf8 19. Rg3 fxe4 20. Nxe4 {Strongly threatening Bxd4.} Nf5 21. Nxf5 $1 Bxf5 22. Qg2 b6 (22... Qe7 $11) 23. Bd2 ({Better is} 23. Rg5 $14 Bxe4 24. dxe4) 23... g6 ({Black should play} 23... Qd4 $15) 24. Rg5 $11 {And now Rxf5 would win.} Bxe4 $1 25. dxe4 Qd4 $36 {[%mdl 2048] Black has good play.} 26. Re1 {Black must now prevent Bc3.} Qxb2 27. f5 Bh6 {[#]} ({Don't blunder} 27... Qxc2 $2 28. Rxg6+ $1 {[%mdl 512]} hxg6 29. Qxg6+ Bg7 30. f6 $18) 28. Rg4 (28. Rxg6+ $1 $14 {[%mdl 512]} hxg6 29. Bxh6) 28... Bxd2 29. Qxd2 Rad8 30. Qg2 (30. Qf2 $11 {keeps the balance.} Qf6 31. Qg3) 30... Qc3 $17 31. Rg1 {[#]} (31. Rf1 $142 Rd2 32. Qg1) 31... Rd2 $1 {[%cal Rd2g2]} 32. Qf1 Rf8 33. Qf4 Qxc2 $2 {[%mdl 8192] [#]} ({But not} 33... Rxc2 $2 {[#]} 34. Rxg6+ $1 {[%mdl 512]} hxg6 35. Rxg6+ Qg7 36. Rxg7+ Kxg7 37. Qg5+ Kh7 38. Qe7+ Kg8 39. f6 $18) (33... Rf7 $17 34. Rg5 Kf8) 34. Rxg6+ $1 {[%mdl 512] White mates.} hxg6 35. Rxg6+ Kf7 36. Qxc7+ Ke8 37. Re6# {Precision: White = 49%, Black = 50%.} 1-0

[Event "British KO-ch 2017"]
[Site "London"]
[Date "2017.12.09"]
[Round "3.8"]
[White "Howell, David W L"]
[Black "McShane, Luke J"]
[Result "1/2-1/2"]
[WhiteElo "2676"]
[BlackElo "2640"]
[Annotator "TA"]
[PlyCount "88"]
[EventDate "2017.??.??"]
[EventCountry "ENG"]
[SourceTitle "playchess.com"]
[Source "ChessBase"]
[SourceQuality "1"]

{[%evp 13,88,38,39,25,36,23,22,27,30,7,20,19,39,14,38,15,14,14,12,5,17,13,6,-14,0,0,0,0,0,0,0,0,0,0,0,0,0,0,0,0,0,0,0,0,0,0,0,0,0,0,0,0,0,0,0,0,0,0,0,0,0,0,0,0,0,0,0,0,0,0,0,0,0,0,0,0,0]} 1. e4 e5 2. Nf3 Nc6 3. Bb5 Nf6 4. O-O Bc5 {[#]} 5. Nxe5 $1 {[%mdl 512]} Nxe4 (5... Nxe5 6. d4) 6. Qe2 Nxe5 7. Qxe4 Qe7 8. Re1 {C65: Ruy Lopez: Berlin Defence (3...Nf6), unusual lines and 4 0-0 Bc5} (8. d4 Nc6 9. Qg4 h5 10. Qg3 Bxd4 11. Nc3 O-O 12. Nd5 Qe4 13. Qg5 Qe5 14. c3 Bb6 15. a4 Re8 16. Qxe5 Rxe5 17. Nxb6 cxb6 {½-½ (42) Gashimov,V (2759)-Topalov,V (2805) Linares 2010}) 8... Ng6 $1 9. d4 Qxe4 10. Rxe4+ Be7 11. g3 $146 ({Predecessor:} 11. Bg5 c6 12. Bxe7 d5 13. Re2 Nxe7 14. Bd3 Bg4 15. f3 Be6 16. Nd2 Kd7 17. Rae1 Rae8 18. c3 Nf5 19. Kf2 Nd6 20. Nf1 Rhf8 21. Ne3 f5 22. a4 {½-½ (22) Lucki,S (2312)-Nogal,J (2338) ICCF email 2011}) 11... c6 12. Bd3 d5 13. Re1 f6 14. Nd2 {[%cal Bb1d2,Bd2f1,Bf1e3,Be3g2,Bg2f4][%mdl 32]} Kf7 {The position is equal.} 15. Nf1 Bd6 16. Ne3 Ne7 17. h4 h5 18. Ng2 g6 19. Bf4 Bxf4 $1 20. Nxf4 Bf5 21. Rxe7+ Kxe7 22. Bxf5 gxf5 $11 {[%mdl 4096] Endgame KRR-KRN} 23. Ng6+ Kf7 24. Nxh8+ Rxh8 {KR-KR} 25. Re1 f4 26. Kg2 fxg3 27. fxg3 Rg8 28. Kf3 Rg4 29. c3 Rg8 30. Re2 Rg4 31. Re3 a5 32. a4 Kf8 33. Re6 Kf7 34. Re3 Kf8 35. Re1 Kf7 36. Rb1 Ke6 37. b4 axb4 38. Rxb4 Rg7 39. Kf4 Rg4+ 40. Kf3 Rg7 41. a5 Kd6 42. Kf4 Rg4+ 43. Kf3 Rg7 44. Kf4 Rg4+ {Precision: White = 79%, Black = 81%.} 1/2-1/2

[Event "British KO-ch 2017"]
[Site "London"]
[Date "2017.12.09"]
[Round "3.9"]
[White "Howell, David W L"]
[Black "McShane, Luke J"]
[Result "0-1"]
[WhiteElo "2676"]
[BlackElo "2640"]
[Annotator "TA"]
[PlyCount "67"]
[EventDate "2017.??.??"]
[EventCountry "ENG"]
[SourceTitle "playchess.com"]
[Source "ChessBase"]
[SourceQuality "1"]

{[%evp 9,67,57,47,55,51,50,61,46,45,55,49,57,64,41,43,37,87,33,47,50,57,24,24,25,20,22,21,-58,-53,-81,-80,-94,-78,-101,-4,0,0,0,0,-85,-78,-70,-75,-71,-64,-104,-71,-86,0,-300,-57,-94,-4,-6,-12,-6,-8,-8,-10,-55]} 1. g3 Nf6 2. Bg2 g6 3. d4 c5 4. dxc5 Qa5+ 5. Nc3 Qxc5 6. e4 {A45: Trompowsky Attack} Bg7 7. Nge2 d6 8. h3 {White is slightly better.} Nc6 9. Be3 Qa5 10. O-O O-O 11. Re1 $146 ({Predecessor:} 11. g4 Bd7 12. Nd5 Rfe8 13. a3 Rac8 14. Ng3 Ne5 15. b3 Nxd5 16. exd5 Nxg4 17. hxg4 Bxa1 18. Qxa1 Rxc2 {1-0 (54) Zubov,A (2612)-Mgeladze,T (2268) Batumi 2017}) 11... Bd7 12. a4 Qh5 13. g4 (13. Nd5 $1 $16) 13... Qa5 14. Nd5 Rac8 15. c4 (15. c3 {is more complex.} Qd8 16. b3 Ne8 17. Rc1 e6 18. Nb4) 15... Nxd5 16. exd5 Nb4 {[%cal Bc6b4,Bb4a6,Ba6c5][%mdl 32]} 17. Qb3 {And now Bd2 would win.} Na6 $1 18. Qc2 ({Of course not} 18. Qxb7 Rc7 $15) ({White should play} 18. Bd4 $11) 18... Nc5 $15 {[%cal Rd7a4]} 19. b3 Bxa1 20. Rxa1 f5 21. g5 {[#]} Qb6 (21... f4 $1 $17 {[%cal Rf4e3]} 22. Nxf4 Qb4 23. Nxg6 Rf7) 22. Nd4 $1 $11 f4 23. a5 Qd8 24. Bd2 {[#]} (24. Bc1 $1 $11 {keeps the balance.}) 24... f3 $1 $17 {[%cal Rf3g2]} 25. Nxf3 {[#]} Bxh3 $1 {[%mdl 512]} 26. Bxh3 Rxf3 27. Bg4 Rxb3 28. Re1 Rb8 ({Black should try} 28... Qc7 $17 {aiming for ...Rf8.} 29. Re3 Rxe3 30. Bxe3 Rf8 31. Bxc5 Qxc5 32. Be6+ {[#]} Rf7 $1 {[%mdl 512]} 33. Bxf7+ Kxf7) 29. Be3 $2 {[%mdl 8192]} (29. Be6+ $11 {and White stays safe.} Nxe6 30. Qxb3) 29... Rxe3 $2 ({Better is} 29... Qxa5 $19 30. Qe2 Rf8) 30. Rxe3 $15 Qxa5 (30... e5 $17 31. dxe6 Qxg5) 31. Rxe7 $11 {The position is equal.} Qa1+ 32. Kg2 $1 Qd4 $1 {[%cal Rd4g4]} 33. Qe2 {White wants to play Re8+.} Rf8 {Hoping for ...Nd3.} 34. Re8 {Precision: White = 52%, Black = 42%.} 0-1

[Event "British KO-ch 2017"]
[Site "London"]
[Date "2017.12.09"]
[Round "3.10"]
[White "McShane, Luke J"]
[Black "Howell, David W L"]
[Result "1-0"]
[WhiteElo "2640"]
[BlackElo "2676"]
[Annotator "TA"]
[PlyCount "71"]
[EventDate "2017.??.??"]
[EventCountry "ENG"]
[SourceTitle "playchess.com"]
[Source "ChessBase"]
[SourceQuality "1"]

{[%evp 9,71,56,57,55,58,34,19,-14,14,12,15,10,72,87,72,-27,-13,-15,-17,-5,-13,-11,-12,-25,-15,-28,0,0,0,0,0,-78,0,0,0,0,0,0,0,0,120,112,141,77,136,133,435,410,419,395,397,369,336,212,189,118,311,279,311,277,549,501,411,411]} 1. e4 c6 2. d4 d5 3. e5 Bf5 4. h4 c5 5. dxc5 Nc6 6. Bb5 {B12: Caro-Kann (Vorstoß-Variante)} Qc7 7. Qxd5 $146 ({Vorgänger:} 7. Ne2 Qxe5 8. Bf4 Qxb2 9. Nbc3 Nf6 10. O-O Qb4 11. Rb1 Qxc5 12. Ba4 e5 13. Bxe5 Ng4 14. Bg3 O-O-O 15. Bxc6 Qxc6 16. Nb5 Bc5 17. Ned4 Qf6 18. Qf3 {1-0 (18) Giri,A (2776)-Oleksienko,M (2620) Doha 2014}) 7... e6 $1 {[%cal Re6d5]} 8. Qf3 {Die Stellung ist ausgeglichen.} Qxe5+ 9. Ne2 Be4 $1 {[%cal Re4f3]} 10. Qg3 Qxc5 (10... Qxg3 $11 11. Nxg3 Bxg2) 11. Nbc3 $16 {Le3 ist eine echte Drohung.} Nf6 {[%cal Bg8f6,Bf6e4,Be4g3][%mdl 32]} 12. Bg5 ({Günstiger ist} 12. Be3 $16 Qd6 13. Bf4) 12... Bd6 $11 13. Be3 {[#]} Qxc3+ $1 {[%mdl 512]} 14. Nxc3 (14. bxc3 Bxg3) 14... Bxg3 15. Nxe4 Nxe4 16. fxg3 Nxg3 17. Rh3 Nf5 18. Bc5 h5 19. O-O-O a6 20. Bxc6+ bxc6 21. Rb3 $1 $36 {[%mdl 2048] Weiss steht aktiver.} Rh6 22. Rb7 Rd8 23. Rxd8+ Kxd8 24. Rxf7 {[%mdl 4096] Endspiel KTL-KTS} Rf6 (24... Rg6 $11 {hält das Gleichgewicht.}) 25. Ra7 $16 e5 26. Rxa6 (26. a4 $142) 26... Nxh4 (26... e4 $142) 27. Ra7 {zielt auf Le7+ ab.} Rg6 $2 {[%mdl 8192]} (27... Rf1+ $16 {ist zäher.} 28. Kd2 Nxg2) 28. Be7+ $18 Kc8 29. Bxh4 Rxg2 {KTL-KT} 30. Re7 g5 31. Rxe5 gxh4 {[#]} 32. Rxh5 ({Lieber} 32. b4 $1 $18) 32... Rh2 $2 (32... Rg1+ $16 {ist eine bessere Verteidigung.} 33. Kd2 Rh1) 33. Rh7 Kd8 34. a4 {[%cal Ba2a4,Ba4a5][%mdl 32]} Ke8 $2 (34... c5 35. b3 c4 36. bxc4 Kc8) 35. a5 Rh1+ 36. Kd2 {Precision: Weiß = 73%, Schwarz = 43%.} 1-0